The beautiful India: (Record no. 160647)

MARC details
000 -LEADER
fixed length control field 00459nam a22001697a 4500
005 - DATE AND TIME OF LATEST TRANSACTION
control field 20190207122033.0
010 ## - LCCN (DPL NO)
LC control number B-217647
020 ## - INTERNATIONAL STANDARD BOOK NUMBER
International Standard Book Number 8188585715
Terms of availability 950.00
035 ## - SYSTEM CONTROL NUMBER
System control number B-217647
037 ## - SOURCE OF ACQUISITION
Source of stock number/acquisition Reference Press
082 ## - DEWEY DECIMAL CLASSIFICATION NUMBER
Classification number 954.37
245 ## - TITLE STATEMENT
Title The beautiful India:
Remainder of title Karanataka /
Statement of responsibility, etc S.A. Rahman
260 ## - PUBLICATION, DISTRIBUTION, ETC. (IMPRINT)
Place of publication, distribution, etc New Delhi
Name of publisher, distributor, etc Reference Press
Date of publication, distribution, etc 2005
300 ## - PHYSICAL DESCRIPTION
Extent 432p.
Dimensions 22cm(hbk)
700 ## - ADDED ENTRY--PERSONAL NAME
Personal name Rahman, S.A.
942 ## - ADDED ENTRY ELEMENTS (KOHA)
Source of classification or shelving scheme Dewey Decimal Classification
Item type English Books
Classification part 954.37
Call number suffix KAR
Holdings
Withdrawn status Lost status Not for loan Collection code Home library Current library Date acquired Full call number Barcode Koha item type
      Non-fiction Sarojini Nagar Sarojini Nagar 07/02/2019 954.37 KAR B-217647 English Books

© Delhi Public Library
Hit Counter
free hit counter